<?xml version="1.0" encoding="UTF-8"?><?xml-stylesheet type="text/xsl" href="static/style.xsl"?><OAI-PMH xmlns="http://www.openarchives.org/OAI/2.0/" xmlns:xsi="http://www.w3.org/2001/XMLSchema-instance" xsi:schemaLocation="http://www.openarchives.org/OAI/2.0/ http://www.openarchives.org/OAI/2.0/OAI-PMH.xsd"><responseDate>2026-04-29T04:10:08Z</responseDate><request verb="GetRecord" identifier="oai:repisalud.isciii.es:20.500.12105/27033" metadataPrefix="marc">https://repisalud.isciii.es/rest/oai/request</request><GetRecord><record><header><identifier>oai:repisalud.isciii.es:20.500.12105/27033</identifier><datestamp>2025-12-18T12:59:00Z</datestamp><setSpec>com_20.500.12105_19604</setSpec><setSpec>com_20.500.12105_2051</setSpec><setSpec>col_20.500.12105_19605</setSpec></header><metadata><record xmlns="http://www.loc.gov/MARC21/slim" xmlns:dcterms="http://purl.org/dc/terms/" xmlns:doc="http://www.lyncode.com/xoai" xmlns:xsi="http://www.w3.org/2001/XMLSchema-instance" xsi:schemaLocation="http://www.loc.gov/MARC21/slim http://www.loc.gov/standards/marcxml/schema/MARC21slim.xsd">
   <leader>00925njm 22002777a 4500</leader>
   <datafield ind2=" " ind1=" " tag="042">
      <subfield code="a">dc</subfield>
   </datafield>
   <datafield ind2=" " ind1=" " tag="720">
      <subfield code="a">Guzman-Bofarull, Joan</subfield>
      <subfield code="e">author</subfield>
   </datafield>
   <datafield ind2=" " ind1=" " tag="720">
      <subfield code="a">Martín-Centellas, Alba</subfield>
      <subfield code="e">author</subfield>
   </datafield>
   <datafield ind2=" " ind1=" " tag="720">
      <subfield code="a">Couto-Mallon, David</subfield>
      <subfield code="e">author</subfield>
   </datafield>
   <datafield ind2=" " ind1=" " tag="720">
      <subfield code="a">Borràs, Roger</subfield>
      <subfield code="e">author</subfield>
   </datafield>
   <datafield ind2=" " ind1=" " tag="720">
      <subfield code="a">Arenas-Loriente, Andrea</subfield>
      <subfield code="e">author</subfield>
   </datafield>
   <datafield ind2=" " ind1=" " tag="720">
      <subfield code="a">Rivas-Lasarte, Mercedes</subfield>
      <subfield code="e">author</subfield>
   </datafield>
   <datafield ind2=" " ind1=" " tag="720">
      <subfield code="a">Segovia-Cubero, Javier</subfield>
      <subfield code="e">author</subfield>
   </datafield>
   <datafield ind2=" " ind1=" " tag="720">
      <subfield code="a">Crespo-Leiro, María G</subfield>
      <subfield code="e">author</subfield>
   </datafield>
   <datafield ind2=" " ind1=" " tag="720">
      <subfield code="a">García-Álvarez, Ana</subfield>
      <subfield code="e">author</subfield>
   </datafield>
   <datafield ind2=" " ind1=" " tag="720">
      <subfield code="a">Farrero, Marta</subfield>
      <subfield code="e">author</subfield>
   </datafield>
   <datafield ind2=" " ind1=" " tag="260">
      <subfield code="c">2025-10</subfield>
   </datafield>
   <datafield ind2=" " ind1=" " tag="520">
      <subfield code="a">Levosimendan, a calcium-sensitizing inotropic agent, is used in patients with advanced heart failure (HF) awaiting heart transplantation (HT). Its prolonged effects, due to an active metabolite, may influence post-transplant vasodilation, particularly when administered shortly before HT. However, its impact on post-HT complications such as vasoplegia and primary graft dysfunction (PGD) remains unclear. This study aimed to evaluate whether preoperative levosimendan affects these outcomes. This retrospective, multicenter observational study included adult HT recipients from 2010 to 2022 across three Spanish centers. Patients were grouped based on whether they received levosimendan within 1 month prior to HT. Main outcomes were post-HT vasoplegia (defined as cardiac index ≥2.5 L/min/m, systemic vascular resistance &lt;1000 dyn·s·cm, and either a vasoactive-inotropic score (VIS) > 20 or norepinephrine administration >0.1 µg/kg/min at 24 h post-HT) and severe PGD, as defined by the 2014 ISHLT criteria. Secondary outcomes included all-cause mortality. Subgroup analyses were performed for patients receiving levosimendan within 1 week of HT and by sex. Statistical analyses included propensity score (PS) matching, Kaplan-Meier curves, and multivariate Cox regression models. Among 598 HT recipients, 94 (15.7%) received levosimendan preoperatively. After PS adjustment, no significant differences were found in the incidence of vasoplegia (40.0% vs. 39.2%, OR 0.99, p = 0.98) or severe PGD (10.6% vs. 10.3%, OR 1.25, p = 0.63) between groups. Post-HT mortality was also not different (HR 0.78, p = 0.37). Vasoplegia did not affect mortality, while severe PGD was linked to higher mortality. Subgroup and sex-based analyses revealed no significant outcome differences. Pre-HT levosimendan use was not associated with increased early post-transplant complications and appears to be a safe strategy. This study evaluated whether giving levosimendan before HT affects early post-transplant complications. Among 598 patients, 94 received levosimendan within a month before surgery. Results showed no significant differences in rates of vasoplegia, severe primary graft dysfunction, or mortality. Levosimendan use appears safe in the immediate pre-transplant setting.</subfield>
   </datafield>
   <datafield ind1="8" ind2=" " tag="024">
      <subfield code="a">Clin Transplant. 2025 Oct;39(10):e70327.</subfield>
   </datafield>
   <datafield ind1="8" ind2=" " tag="024">
      <subfield code="a">https://hdl.handle.net/20.500.12105/27033</subfield>
   </datafield>
   <datafield ind1="8" ind2=" " tag="024">
      <subfield code="a">41131777</subfield>
   </datafield>
   <datafield ind1="8" ind2=" " tag="024">
      <subfield code="a">CLINICAL TRANSPLANTATION</subfield>
   </datafield>
   <datafield tag="653" ind2=" " ind1=" ">
      <subfield code="a">heart transplantation</subfield>
   </datafield>
   <datafield tag="653" ind2=" " ind1=" ">
      <subfield code="a">levosimendan</subfield>
   </datafield>
   <datafield tag="653" ind2=" " ind1=" ">
      <subfield code="a">primary graft dysfunction</subfield>
   </datafield>
   <datafield tag="653" ind2=" " ind1=" ">
      <subfield code="a">vasoplegia</subfield>
   </datafield>
   <datafield ind2="0" ind1="0" tag="245">
      <subfield code="a">Impact of Pre-Heart Transplant Levosimendan Administration on Post-Transplant Vasoplegia and Primary Graft Dysfunction.</subfield>
   </datafield>
</record></metadata></record></GetRecord></OAI-PMH>